| 000 | 02554cam a2200361 a 4500 | ||
|---|---|---|---|
| 001 | 16190488 | ||
| 005 | 20241007145028.0 | ||
| 008 | 100416s2010 enk b 001 0 eng d | ||
| 010 | _a 2010217932 | ||
| 020 | _a9780521762762 | ||
| 020 | _a0521762766 | ||
| 035 | _a(OCoLC)ocn351331783 | ||
| 040 |
_aBTCTA _cBTCTA _dYDXCP _dBWK _dSUC _dNLGGC _dRCJ _dDLC |
||
| 042 | _alccopycat | ||
| 050 | 0 | 0 |
_aK3240 _b.H8482 2010 |
| 082 |
_a344.046 _bHUM |
||
| 245 | 0 | 0 |
_aHuman rights and climate change / _cedited by Stephen Humphreys ; with a foreword by Mary Robinson. |
| 260 |
_aCambridge ; _aNew York : _bCambridge University Press, _cc2010. |
||
| 300 |
_axx, 348 p. ; _c24 cm. |
||
| 504 | _aIncludes bibliographical references and index. | ||
| 505 | 0 | 0 |
_gIntroduction: _tHuman rights and climate change / _rStephen Humphreys -- _tCompeting claims : human rights and climate harms / _rStephen Humphreys -- _tClimate change, human rights and moral thresholds / _rSimon Caney -- _tEquitable utilization of the atmosphere : a rights-based approach to climate change? / _rDinah Shelton -- _tClimate change, human rights and corporate accountability / _rPeter Newell -- _tRethinking human rights : the impact of climate change on the dominant discourse / _rSam Adelman -- _tThe Kyoto Protocol and vulnerability : human rights and equity dimensions / _rPhilippe Cullet -- _tForests, climate change and human rights : managing risks and trade-offs / _rFrances Seymour -- _tClimate change and the right to the highest attainable standard of health / _rPaul Hunt and Rajat Khosla -- _tHuman rights and vulnerability to climate change / _rJon Barnett -- _tClimate change, evolution of disasters and inequality / _rJohn C. Mutter and Kye Mesa Barnard -- _tConceiving justice : articulating common causes in distinct regimes / _rStephen Humphreys. |
| 650 | 0 | _aHuman rights. | |
| 650 | 0 |
_aClimatic changes _xLaw and legislation. _9126264 |
|
| 650 | 0 |
_aGlobal warming _xLaw and legislation. _9126267 |
|
| 650 | 0 |
_aClimatic changes _xPolitical aspects _zDeveloping countries. _9126268 |
|
| 700 | 1 |
_aHumphreys, Stephen, _d1971- _9126269 |
|
| 856 | 4 | 1 |
_3Table of contents only _uhttp://www.loc.gov/catdir/enhancements/fy1009/2010217932-t.html |
| 856 | 4 | 2 |
_3Publisher description _uhttp://www.loc.gov/catdir/enhancements/fy1009/2010217932-d.html |
| 856 | 4 | 2 |
_3Contributor biographical information _uhttp://www.loc.gov/catdir/enhancements/fy1009/2010217932-b.html |
| 906 |
_a7 _bcbc _ccopycat _d2 _encip _f20 _gy-gencatlg |
||
| 942 |
_2ddc _cBK |
||
| 999 |
_c611985 _d611985 |
||